Представление документа в формате RUSMARC

Поле Инд. ПП Название Значение
Тип записи a
Библиографический уровень a
001 Контрольный номер b92df9084f654f27bbf062679638fa2b
005 Дата корректировки 20181124200622.1
100 a Данные общей обработки 20181107 ||| 0rusy0189 ca
101 0_ a Язык текста rus
102 a Страна публикации RU
200 1_ f Первые сведения об ответственности А.А. Латаев, С.В. Кузякин
a Заглавие Сущность банковского надзора и административной ответственности кредитных организаций
b Общее обозначение материала Текст
210 d Дата издания 2017
461 _0 1 2000
a Закон и право
463 _0 1 2000
a №5
v С. 127-131
1 2101
d 2017
1 00191d7ded28eea4f83ae1c9acbbc38d378
606 a Основная рубрика Административное право
610 0_ a Ключевые слова АДМИНИСТРАТИВНАЯ ОТВЕТСТВЕННОСТЬ
a Ключевые слова КРЕДИТНЫЕ ОРГАНИЗАЦИИ
a Ключевые слова ЦЕНТРАЛЬНЫЙ БАНК РФ
a Ключевые слова КОНТРОЛЬ ФИНАНСОВЫЙ
700 _1 a Фамилия Латаев
b Имя А.А.
701 _1 a Фамилия Кузякин
b Имя С.В.
801 _0 a Страна RU
b Организация РГУП
c Дата составления 20181107
g Правила каталогизации PSBO
801 _1 a Страна RU
b Организация РГУП
c Дата составления 20181107
g Правила каталогизации PSBO
901 t Тип документа b
w Контрольный № источника 91d7ded28eea4f83ae1c9acbbc38d378
905 a Дата ввода 20181107